Princess impact Diversity, equity, and inclusion as a pillar of sustainability in the global entertainment industry – A case study of the Walt Disney Company

Bibliográfiai részletek
Szerzők: Gaambos Judit Zsuzsanna
Horváth Vanda
Dokumentumtípus: Könyv része
Megjelent: Budapesti Gazdaságtudományi Egyetem Budapest, Magyarország 2026
Sorozat:ESG - Risk Management or New Sustainability? VIII.BUEB International Sustainability Student ConferenceProceedings - Budapest University of Economics and Business 2025
Tárgyszavak:
doi:10.29180/978-615-6886-27-9_5

Kulcsszavak:Diversity
Equity and Inclusion (DEI)
Sustainability
entertainment industry
Corporate Social Responsibility (CSR)
gender representation
Sustainable Development Goals
cultural sustainability
Online Access:http://publikaciotar.uni-bge.hu/2635

MARC

LEADER 00000naa a2200000 i 4500
001 publ2635
005 20260326120159.0
008 260326s2026 hu o 000 zxx d
020 |a 978-615-6886-27-9 
024 |a 10.29180/978-615-6886-27-9_5  |2 doi 
040 |a BGE Publikációtár Repozitórium  |b hun 
100 1 |a Gaambos Judit Zsuzsanna 
245 1 0 |a Princess impact  |b Diversity, equity, and inclusion as a pillar of sustainability in the global entertainment industry – A case study of the Walt Disney Company  |c Gaambos Judit Zsuzsanna  |h [elektronikus dokumentum] 
260 |a Budapesti Gazdaságtudományi Egyetem  |b Budapest, Magyarország  |c 2026 
300 |a 1-10 
490 0 |a ESG - Risk Management or New Sustainability? VIII.BUEB International Sustainability Student ConferenceProceedings - Budapest University of Economics and Business 2025 
650 4 |a bio-, környezet- és vegyészmérnöki tudományok 
695 |a Diversity 
695 |a Equity and Inclusion (DEI) 
695 |a Sustainability 
695 |a entertainment industry 
695 |a Corporate Social Responsibility (CSR) 
695 |a gender representation 
695 |a Sustainable Development Goals 
695 |a cultural sustainability 
700 1 |a Horváth Vanda  |e aut 
856 4 0 |u https://publikaciotar.uni-bge.hu/id/eprint/2635/1/SUS%20Conference%20Proceedings%20-%20ESG%20Risk%20Managenemt_5.cikk.pdf  |z Dokumentum-elérés